| 000 | 00564nas a2200205 a 4500 | ||
|---|---|---|---|
| 001 | 000026738 | ||
| 003 | DLC | ||
| 005 | 20240905121801.0 | ||
| 008 | 110324c19249999dr mr1p d 0 0spa d | ||
| 040 |
_aDO-SdBNP _cspa _bDO-SdBNP _erda |
||
| 043 | _anwdr--- | ||
| 222 | 0 | _aBoletín de la Cámara de Diputados | |
| 245 | 0 | 0 | _aBoletín de la Cámara de Diputados. |
| 260 |
_aSanto Domingo : _bCámara de Diputados, _c1924. |
||
| 300 | _av. | ||
| 310 | _aMensual | ||
| 362 | 0 | _aAño 1. No. 1 (15 dic. 1924) | |
| 500 | _aDirector L. Despradel | ||
| 942 |
_2ddc _cISSUE |
||
| 999 |
_c26230 _d26230 |
||